| 000 | 01278nam a2200325 a 4500 | ||
|---|---|---|---|
| 001 | ebr10480228 | ||
| 003 | CaPaEBR | ||
| 006 | m u | ||
| 007 | cr cn||||||||| | ||
| 008 | 100618s2010 si a sb 001 0 eng d | ||
| 010 | _z 2010025735 | ||
| 020 | _z9814271756 (hardcover : alk. paper) | ||
| 020 | _z9789814271752 | ||
| 020 | _z9789814271769 (e-book) | ||
| 040 |
_aCaPaEBR _cCaPaEBR |
||
| 035 | _a(OCoLC)742516328 | ||
| 050 | 1 | 4 |
_aQR186 _b.S65 2010eb |
| 100 | 1 | _aSmith, Kendall A. | |
| 245 | 1 | 4 |
_aThe quantal theory of immunity _h[electronic resource] : _bthe molecular basis of autoimmunity and leukemia / _cKendall A. Smith. |
| 260 |
_aSingapore ; _aHackensack, N.J. : _bWorld Scientific, _c2010. |
||
| 300 |
_axi, 235 p. : _bcol. ill. |
||
| 504 | _aIncludes bibliographical references and index. | ||
| 533 |
_aElectronic reproduction. _bPalo Alto, Calif. : _cebrary, _d2013. _nAvailable via World Wide Web. _nAccess may be limited to ebrary affiliated libraries. |
||
| 650 | 0 | _aImmune response. | |
| 650 | 0 | _aInterleukin-2. | |
| 650 | 0 | _aT cells. | |
| 655 | 7 |
_aElectronic books. _2local |
|
| 710 | 2 | _aebrary, Inc. | |
| 856 | 4 | 0 |
_uhttp://site.ebrary.com/lib/rucke/Doc?id=10480228 _zAn electronic book accessible through the World Wide Web; click to view |
| 999 |
_c118287 _d118287 |
||